Vista normal
Vista MARC
Entrada Topical Term
Número de registros utilizados en: 5
001 - CONTROL NUMBER
- control field: 1662
003 - CONTROL NUMBER IDENTIFIER
- control field: OSt
005 - DATE AND TIME OF LATEST TRANSACTION
- control field: 20230504153000.0
008 - FIXED-LENGTH DATA ELEMENTS
- fixed length control field: 230504|| aca||aabn | a|a d
040 ## - CATALOGING SOURCE
- Original cataloging agency: OSt
- Transcribing agency: OSt
150 ## - HEADING--TOPICAL TERM
- Topical term or geographic name entry element: Animales fabulosos
- Form subdivision: Cuentos y leyendas
670 ## - SOURCE DATA FOUND
- Source citation: Work cat.: (OSt)0: Da Vinci, Leonardo, 1452-1519 autor 1657, Bestiario de vicios y virtudes